Akta Perancangan Bandar dan Desa 1976 Semua pindaan hingga Mac, 1996 : Town and Country Planning Act 1976 All amendments up to March, 1996

Bibliographic Details
Corporate Author: Malaysia
Format: Book
Language:Malay
Published: Kuala Lumpur : MDC Penerbit Pencetak Sdn. Bhd. , c1996
Subjects:

MARC

LEADER 00000cam a2200000 7i4500
001 0000007219
005 20230815.0
008 000627 my may
020 |a 9677003968 (pbk) 
040 |a INS 
090 0 0 |a KPG2578.A311976   |b .M23 1996 
110 1 |a Malaysia 
245 1 0 |a Akta Perancangan Bandar dan Desa 1976 Semua pindaan hingga Mac, 1996 :   |b Town and Country Planning Act 1976 All amendments up to March, 1996 
260 |a Kuala Lumpur :   |b MDC Penerbit Pencetak Sdn. Bhd. ,   |c c1996 
300 |a 119 p. ;   |c 26 cm. 
650 0 |a City planning and redevelopment law   |z Malaysia 
650 0 |a Land acquisition and compensation   |z Malaysia 
999 |a 0000006280   |b BOOK   |c Acts   |e Default branch 
999 |a 0000006281   |b BOOK   |c Acts   |e Default branch 
999 |a 0000006282   |b BOOK   |c Acts   |e Default branch 
999 |a 0000006283   |b BOOK   |c Acts   |e Default branch 
999 |a 0000006299   |b BOOK   |c Acts   |e Default branch 
999 |a 0000006300   |b BOOK   |c Acts   |e Default branch 
999 |a 0000006301   |b BOOK   |c Acts   |e Default branch 
999 |a 0000006302   |b BOOK   |c Acts   |e Default branch 
999 |a 0000006303   |b BOOK   |c Acts   |e Default branch 
999 |a 0000006950   |b BOOK   |c Acts   |e Default branch 
999 |a 0000006951   |b BOOK   |c Acts   |e Default branch 
999 |a 0000006952   |b BOOK   |c Acts   |e Default branch 
999 |a 0000006953   |b BOOK   |c Acts   |e Default branch 
999 |a 0000006954   |b BOOK   |c Acts   |e Default branch